000 00680nam a2200289Ia 4500
005 20260324150322.0
008 008 260324s9999 xx 000 0 eng d
020 _a9781315223049
037 _aEBOOK
040 _aCRL
040 _beng
040 _cCRL
041 _2eng
041 _aeng
084 _qCRL
100 _aDonald Swift
_91226011
245 4 _aThe Sociology of Education
245 0 _bIntroductory Analytical Perspectives
260 _bTaylor and Francis
260 _c1969
365 _a
365 _b170
856 _uhttp://www.taylorfrancis.com/books/9781315223049
942 _cEBOOK
999 _c1835254
_d1835254